Normal view
MARC view
Entry Personal Name
001 - CONTROL NUMBER
- control field: 61315
003 - CONTROL NUMBER IDENTIFIER
- control field: dpl
005 - DATE AND TIME OF LATEST TRANSACTION
- control field: 20240125124414.0
008 - FIXED-LENGTH DATA ELEMENTS
- fixed length control field: 240125|| aca||aabn | a|a d
040 ## - CATALOGING SOURCE
- Original cataloging agency: dpl
- Transcribing agency: dpl
100 ## - HEADING--PERSONAL NAME
- Personal name: Kothari, D.P
670 ## - SOURCE DATA FOUND
- Source citation: Work cat.: (dpl)200388: Kothari, D.P, Modern Power System Analysis, 2022
